[Event "Michigan Class D/E"]
[Site "Auburn Hills"]
[Date "2005.01.16"]
[Round "4.11"]
[White "Faust, Scott"]
[Black "Kautz, Philip"]
[Result "1-0"]
[WhiteElo "1383"]
[BlackElo "844"]
[PlyCount "61"]
[EventDate "2005.01.15"]
[EventType "swiss"]
[EventRounds "5"]
[EventCountry "USA"]
[SourceTitle "EXT 2006"]
[Source "ChessBase"]
[SourceDate "2005.11.24"]
[SourceVersion "1"]
[SourceVersionDate "2005.11.24"]
[SourceQuality "1"]

1. d4 Nf6 2. c4 g6 3. Nf3 Bg7 4. Nc3 d5 5. c5 Nc6 6. Bf4 0-0 7. g3 Re8 8. Nb5 Bf5 9. Nxc7 Nb4 10. Rc1 Rc8 11. Nxe8 Qxe8 12. a3 Nc6 13. Bg2 Nh5 14. Be3 Be4 15. 0-0 Qd7 16. Qd2 Nf6 17. Bh6 Bf5 18. Bxg7 Kxg7 19. b4 Rh8 20. b5 Nd8 21. Ne5 Qc8 22. a4 h5 23. h4 Bh3 24. f4 Ne6 25. Bxh3 Ne4 26. Qe3 g5 27. fxg5 Qd8 28. Rxf7+ Kg8 29. Bxe6 Rh7 30. Rxe7+ Kh8 31. Ng6# 1-0